| 000 | 00623nam a2200217Ia 4500 | ||
|---|---|---|---|
| 003 | OSt | ||
| 005 | 20240402100857.0 | ||
| 008 | 210210b1965 xxu||||| |||| 00| 0 eng d | ||
| 040 | _cAL | ||
| 041 | _aKannada | ||
| 082 | _a853/512 | ||
| 100 |
_aSHRIRANGA _9136790 _d ಶ್ರೀರಂಗ |
||
| 245 |
_aShriranganatyataranga bhaga 2 _bಶ್ರೀರಂಗನಾಟ್ಯತರಂಗ ಭಾಗ ೨ |
||
| 260 |
_aMaisuru _bSharada Mandira _c1965 |
||
| 650 |
_aShrIranganATyataranga _9136791 |
||
| 650 |
_abhaga _9136792 |
||
| 650 |
_a2 _9136793 |
||
| 690 |
_aKannada Drama _9136794 |
||
| 906 | _a019783 | ||
| 942 |
_2ddc _cBK |
||
| 999 |
_c143928 _d143928 |
||